Voyage autour de mon jardin

Guardat en:
Dades bibliogràfiques
Autor principal: Karr, Alphonse
Format: Llibre
Idioma:Undetermined
Publicat: París, Francia Nelson [s.f.]
Matèries:
Etiquetes: Afegir etiqueta
Sense etiquetes, Sigues el primer a etiquetar aquest registre!

MARC

LEADER 00000nam a2200000Ia 4500
008 170316s9999 xx 000 0 und d
040 |a cru BVZT 
090 |a 840 K-2v 
100 |a Karr, Alphonse 
245 |a Voyage autour de mon jardin 
260 |a París, Francia 
260 |b Nelson 
260 |c [s.f.] 
300 |a 480 páginas 
650 |a LITERATURA FRANCESA 
999 |c 7752  |d 7752 
942 |c 15 D  |h 840 K-2v  |2 z